Größten Städte der Welt (Extrem) - Statistiken

Allgemein
  • Dieses Quiz wurde 522 mal gespielt
  • Das Durchschnittsergebnis liegt bei 56 aus 104
Antwortstatistiken
Einwohner Stadt % Korrekt
39,9 Mio. Tokio
97%
22,2 Mio. New York
95%
17,0 Mio. Moskau
94%
14,6 Mio. London
93%
11,3 Mio. Paris
93%
17,7 Mio. Los Angeles
92%
4,62 Mio. Berlin
89%
6,35 Mio. Madrid
89%
20,0 Mio. Peking
89%
18,2 Mio. Kairo
88%
12,8 Mio. Rio de Janeiro
88%
29,5 Mio. Shanghai
87%
22,6 Mio. Mexiko-Stadt
84%
28,4 Mio. Delhi
83%
14,8 Mio. Istanbul
83%
22,1 Mio. Sao Paulo
83%
16,1 Mio. Buenos Aires
82%
5,0 Mio. Sydney
82%
9,75 Mio. Chicago
81%
24,2 Mio. Mumbai
81%
30,3 Mio. Jakarta
80%
14,7 Mio. Teheran
76%
18,4 Mio. Bangkok
74%
9,65 Mio. Bogota
74%
13,4 Mio. Johannesburg
74%
24,6 Mio. Manila
74%
24,6 Mio. Seoul
74%
7,35 Mio. Hongkong
73%
10,3 Mio. Lima
73%
4,7 Mio. Barcelona
72%
18,2 Mio. Lagos
72%
7,8 Mio. San Francisco
72%
5,55 Mio St. Petersburg
71%
8,5 Mio. Washington
70%
6,5 Mio. Houston
69%
7,4 Mio. Riad
69%
7,3 Mio. Toronto
69%
6,25 Mio. Miami
68%
45,6 Mio. Guangzhou
67%
4,55 Mio. Melbourne
67%
7,05 Mio. Santiago
67%
6,95 Mio. Bagdad
66%
7,6 Mio. Boston
66%
16,4 Mio. Kalkutta
65%
7,75 Mio. Singapur
65%
4,85 Mio. Ankara
64%
6,9 Mio. Dallas
64%
11,6 Mio. Kinshasa
64%
17,7 Mio. Osaka
64%
18,8 Mio. Dhaka
60%
8,45 Mio. Kuala Lumpur
60%
5,15 Mio. Mailand
59%
4,62 Mio. Dubai
58%
5,75 Mio. Nairobi
58%
7,35 Mio. Philadelphia
54%
5,7 Mio Atlanta
53%
5,85 Mio. Alexandria
52%
5,7 Mio. Detroit
49%
9,1 Mio. Taipeh
49%
11,5 Mio. Bangalore
47%
10,7 Mio. Chennai
47%
16,9 Mio. Karatschi
47%
7,65 Mio. Luanda
47%
4,5 Mio. Phoenix
47%
8,7 Mio. Wuhan
47%
6,75 Mio. Xian
46%
4,97 Mio. Köln/Düsseldorf
45%
12,2 Mio. Lahore
45%
5,1 Mio. Accra
41%
5,0 Mio. Belo Horizonte
38%
9,6 Mio. Hyderabad
38%
5,95 Mio. Khartum
38%
8,35 Mio. Ho Chi Minh-Stadt
36%
12,7 Mio. Tianjin
36%
10,5 Mio. Nagoya
35%
9,8 Mio. Xiamen
35%
9,3 Mio. Chengdu
29%
7,8 Mio. Chongqing
29%
4,82 Mio. Monterrey
29%
5,15 Mio. Guadalajara
28%
5,9 Mio. Daressalam
27%
5,35 Mio. Abidjan
25%
4,75 Mio. Colombo
25%
6,6 Mio. Nanjing
23%
5,4 Mio. Rangun
23%
6,15 Mio. Bandung
22%
4,72 Mio. Chittagong
21%
6,5 Mio. Pune
21%
5,7 Mio. Ruhrgebiet
21%
5,3 Mio. Amman
20%
4,87 Mio. Surabaya
20%
5,3 Mio. Harbin
19%
8,25 Mio. Hangzhou
17%
7,85 Mio. Shenyang
17%
5,9 Mio. Qingdao
16%
4,62 Mio. Dschidda
15%
4,55 Mio. Changsha
13%
6,3 Mio. Surat
12%
4,67 Mio. Hefei
11%
5,4 Mio. Zhengzhou
11%
7,7 Mio. Shantou
10%
5,3 Mio. Wenzhou
10%
8,0 Mio. Ahmadabad
7%
4,5 Mio. Dairen
2%
Keine übereinstimmenden Quizze gefunden
Verteilung der Resultate
Anzahl Personen mit jedem Resultat
Perzentil nach korrekt beantworteten Fragen
Ihre Resultats-Entwicklung
Sie haben dieses Quiz noch nicht gespielt